The Ballad of The Witches' Road(Cover Version) - Statistics

General Stats
  • This quiz has been taken 26 times
  • The average score is 164 of 254
Answer Stats
Answer % Correct
down
100%
road
100%
the
100%
witches
100%
witches'
100%
a
94%
and
88%
so
81%
to
81%
fair
75%
i
75%
all
69%
end
69%
foul
69%
have
69%
is
69%
it
69%
my
69%
of
69%
our
69%
song
69%
we
69%
air
63%
as
63%
at
63%
can't
63%
divine
63%
earth
63%
follow
63%
friend
63%
glory
63%
go
63%
if
63%
in
63%
it's
63%
let
63%
love
63%
me
63%
mine
63%
reach
63%
teach
63%
that
63%
that's
63%
there
63%
what
63%
wood
63%
you
63%
bad
56%
blood
56%
dare
56%
fire
56%
for
56%
good
56%
heart
56%
hold
56%
keep
56%
learned
56%
lesson
56%
need
56%
only
56%
power
56%
remember
56%
survive
56%
tears
56%
this
56%
told
56%
was
56%
water
56%
way
56%
wicked
56%
wild
56%
bone
50%
cast
50%
door
50%
forged
50%
how
50%
i'll
50%
lasts
50%
long
50%
risk
50%
see
50%
seek
50%
spell
50%
time
50%
winding
50%
your
50%
alive
44%
appears
44%
be
44%
cannot
44%
fears
44%
midnights
44%
out
44%
prize
44%
tame
44%
those
44%
trials
44%
with
44%
alone
38%
dance
38%
dangers
38%
death
38%
dies
38%
great
38%
never
38%
take
38%
together
38%
bend
31%
circle
31%
danced
31%
fortune
31%
inside
31%
known
31%
may
31%
wait
31%
wherever
31%
face
25%
still
25%
turned
25%
breath
19%
but
19%
chasing
19%
found
19%
i've
19%
sublime
19%
what's
19%
bound
13%
broken
13%
burned
13%
fierce
13%
lost
13%
we're
13%
No matching quizzes found
Score Distribution
Percent of People with Each Score
Percentile by Number Answered
Your Score History
You have not taken this quiz